| 000 | 00728nam a2200277Ia 4500 | ||
|---|---|---|---|
| 005 | 20250425161838.0 | ||
| 008 | 250425s9999 xx 000 0 und d | ||
| 020 | _a8420008222 | ||
| 041 | _aspa | ||
| 082 | _a615.954 | ||
| 100 | _aSHIBAMOTO, TAKAYUKI | ||
| 245 | 0 | _aINTRODUCCIÓN A LA TOXICOLOGÍA DE LOS ALIMENTOS | |
| 250 | _a1A ED. | ||
| 260 |
_aEspaña _bACRIBIA _c1996 |
||
| 260 | _aZARAGOZA | ||
| 300 | _a203 | ||
| 500 | _aTítulo Traducido: INTRODUCTION TO FOOD TOXICOLOGY | ||
| 650 | _aADITIVOS PARA ALIMENTOS | ||
| 650 | _aCONTAMINANTES | ||
| 650 | _aINTOXICACION ALIMENTARIA | ||
| 650 | _aTOXICOLOGIA | ||
| 650 | _aTOXINAS | ||
| 700 | _aBJELDANES, LEONARD F. | ||
| 942 | _c01 | ||
| 010 | _a32138 | ||
| 999 |
_c217305 _d217305 |
||